| 000 | 00925nam a22002177a 4500 | ||
|---|---|---|---|
| 999 |
_c7988 _d7988 |
||
| 003 | AR-CdUCM | ||
| 008 | 190321b ||||| |||| 00| 0 spa d | ||
| 040 |
_aMUNICIPALIDAD PROVINCIAL DEL CUSCO _cBIBLIOTECA MUNICIPAL DEL CUSCO |
||
| 082 |
_a508 / _bM17 |
||
| 100 |
_aMainx, Félix _922568 |
||
| 245 | _aFundamentos de la biología / | ||
| 260 |
_aMéxico : _bUniversidad Nacional Autónoma de México, _c1957. |
||
| 300 |
_a109 paginas ; _c21 cm. |
||
| 505 | _aContenido :Los puntos de vista elementales -- Los puntos de vista complejos --La función psicológica de la especulación en la biología científica -- Parabiologia, el abuso de la especulación -- Concepción del mundo y filosofía de la vida ... | ||
| 650 |
_aBiología _9881 |
||
| 650 |
_aMicro biología _922569 |
||
| 650 |
_aCiencias aplicadas _920077 |
||
| 700 |
_aRabiela de Gortari, Raquel (traductora) _922570 |
||
| 942 |
_2ddc _cLIBROS |
||
| 945 | _arum | ||